[Event "Stare Mesto Slavia Kromeriz op 2nd"]
[Site "Stare Mesto"]
[Date "2024.03.30"]
[Round "5"]
[White "Mudrak, Josef"]
[Black "Knotek, Josef"]
[Result "1-0"]
[WhiteElo "2212"]
[BlackElo "1947"]
[PlyCount "83"]
[EventDate "2024.03.28"]
[EventType "swiss"]
[EventRounds "7"]
[EventCountry "CZE"]
[SourceTitle "CB14_2024"]
[SourceDate "2024.04.01"]
[SourceVersion "1"]
[SourceVersionDate "2024.04.01"]
[SourceQuality "1"]

1. d4 Nf6 2. Nf3 e6 3. g3 b6 4. Bg2 Bb7 5. 0-0 Be7 6. c4 0-0 7. Re1 d5 8. Ne5 c5 9. cxd5 exd5 10. Nc3 Nc6 11. Nxc6 Bxc6 12. Bf4 cxd4 13. Qxd4 Bc5 14. Qd3 Ne4 15. Nxe4 dxe4 16. Bxe4 Bxe4 17. Qxe4 Re8 18. Qf3 Qd4 19. Rab1 Rad8 20. a3 a5 21. Kg2 Qf6 22. b4 axb4 23. axb4 Bd4 24. Red1 Qe7 25. Rd3 Bf6 26. Rxd8 Rxd8 27. Be3 Qd6 28. Qe4 Rc8 29. Rb3 Be7 30. Bxb6 f5 31. Qd4 Qxd4 32. Bxd4 Rc4 33. Bc3 g6 34. b5 Bc5 35. Ba5 Bd6 36. b6 Ra4 37. Bd2 Ra8 38. b7 Rb8 39. Be3 Re8 40. Rc3 Kg7 41. Rc8 Re7 42. b8Q 1-0

[Event "Stare Mesto op"]
[Site "Stare Mesto"]
[Date "2023.08.11"]
[Round "7"]
[White "Knotek, Josef"]
[Black "Babula, Vlastimil1111"]
[Result "0-1"]
[WhiteElo "1928"]
[BlackElo "2297"]
[PlyCount "90"]
[EventDate "2023.08.05"]
[EventType "swiss"]
[EventRounds "9"]
[EventCountry "CZE"]
[SourceTitle "EXT 2024"]
[Source "ChessBase"]
[SourceDate "2023.10.10"]
[SourceVersion "1"]
[SourceVersionDate "2023.10.10"]
[SourceQuality "1"]

1. d4 Nf6 2. Nf3 g6 3. c4 Bg7 4. Nc3 0-0 5. Bg5 d6 6. e3 c6 7. Be2 Nbd7 8. Qc2 h6 9. Bh4 a6 10. a4 Re8 11. 0-0 Nf8 12. Rfd1 g5 13. Bg3 Nh5 14. e4 Nxg3 15. hxg3 Qc7 16. b4 a5 17. b5 Ne6 18. d5 cxd5 19. exd5 Nc5 20. Nd4 e5 21. dxe6 Bxe6 22. Nxe6 fxe6 23. Rac1 Bxc3 24. Qxc3 Rad8 25. Qc2 Rf8 26. Bf3 Qg7 27. Rd2 Kf7 28. Rcd1 Ke7 29. Re1 b6 30. Rde2 Rf6 31. Re3 g4 32. Bd5 Qg8 33. Qd1 Kd7 34. Qd4 Qg6 35. Bxe6+ Rxe6 36. Rxe6 Nxe6 37. Qxb6 Rc8 38. Qxa5 Qf5 39. Qd2 Rxc4 40. b6 Nc5 41. Qxh6 Kc6 42. Qh8 Kxb6 43. Qb8+ Nb7 44. Ra1 Rc8 45. a5+ Ka6 0-1

[Event "Zlin Region-chT 2223"]
[Site "Czech Republic"]
[Date "2023.01.29"]
[Round "7.5"]
[White "Vrzal, Filip"]
[Black "Knotek, Josef"]
[Result "1/2-1/2"]
[WhiteElo "1751"]
[BlackElo "1930"]
[PlyCount "46"]
[EventDate "2022.10.09"]
[EventType "team-tourn"]
[EventRounds "11"]
[EventCountry "CZE"]
[SourceTitle "EXT 2024"]
[Source "ChessBase"]
[SourceDate "2023.10.10"]
[SourceVersion "1"]
[SourceVersionDate "2023.10.10"]
[SourceQuality "1"]
[WhiteTeam "Postoupky Sokol"]
[BlackTeam "Vlcnov  II"]
[WhiteTeamCountry "CZE"]
[BlackTeamCountry "CZE"]

1. e4 c5 2. Nf3 e6 3. d4 cxd4 4. Nxd4 Nc6 5. Nc3 Nf6 6. Ndb5 d6 7. Bf4 e5 8. Bg5 a6 9. Na3 Be6 10. Nc4 b5 11. Ne3 Be7 12. Bxf6 Bxf6 13. Ncd5 Bg5 14. Be2 Bxe3 15. Nxe3 0-0 16. 0-0 Qc7 17. Nd5 Bxd5 18. Qxd5 Nd4 19. Bd3 Qc5 20. c3 Ne6 21. Qxc5 dxc5 22. Rfd1 Rfd8 23. Bc2 Kf8 1/2-1/2

[Event "Zlin Region-chT 2223"]
[Site "Czech Republic"]
[Date "2022.11.13"]
[Round "3.7"]
[White "Jablecnik, Gustav"]
[Black "Knotek, Josef"]
[Result "1-0"]
[WhiteElo "1956"]
[BlackElo "1930"]
[PlyCount "113"]
[EventDate "2022.10.09"]
[EventType "team-tourn"]
[EventRounds "11"]
[EventCountry "CZE"]
[SourceTitle "EXT 2024"]
[Source "ChessBase"]
[SourceDate "2023.10.10"]
[SourceVersion "1"]
[SourceVersionDate "2023.10.10"]
[SourceQuality "1"]
[WhiteTeam "Kromeriz Slavia III"]
[BlackTeam "Vlcnov  II"]
[WhiteTeamCountry "CZE"]
[BlackTeamCountry "CZE"]

1. e4 c5 2. Bc4 e6 3. Qe2 d6 4. d3 Nf6 5. c3 Nc6 6. f4 Be7 7. Nf3 0-0 8. 0-0 a6 9. Bb3 b5 10. Be3 Ng4 11. Bd2 Nf6 12. h3 Bb7 13. Bc2 Qc7 14. g4 e5 15. f5 d5 16. Bg5 dxe4 17. dxe4 Rad8 18. Nbd2 Rd7 19. Rfd1 Rfd8 20. Nf1 Rxd1 21. Rxd1 Rxd1 22. Qxd1 Qd8 23. Qe1 h6 24. Bh4 Ne8 25. Bg3 Qd6 26. Ne3 f6 27. h4 Nc7 28. Qe2 Qd8 29. a4 c4 30. axb5 axb5 31. b3 Bc5 32. bxc4 b4 33. Bf2 bxc3 34. Nd5 Bxf2+ 35. Qxf2 Nxd5 36. cxd5 Nb4 37. g5 hxg5 38. hxg5 Nxc2 39. Qxc2 Qb6+ 40. Kh1 Qb2 41. Qa4 Qc1+ 42. Kg2 fxg5 43. Qe8+ Kh7 44. Qg6+ Kh8 45. f6 gxf6 46. Qxf6+ Kg8 47. Qd8+ Kg7 48. Qe7+ Kg8 49. Qxb7 Qf4 50. Qc8+ Kh7 51. Qxc3 g4 52. Qc7+ Kg8 53. Qd8+ Kh7 54. Qh4+ Kg6 55. Qg5+ Qxg5 56. Nxg5 Kxg5 57. Kg3 1-0

[Event "Stare Mesto op"]
[Site "Stare Mesto"]
[Date "2022.08.17"]
[Round "6"]
[White "Knotek, Josef"]
[Black "Fialka, Adam"]
[Result "1/2-1/2"]
[WhiteElo "1945"]
[BlackElo "1896"]
[PlyCount "123"]
[EventDate "2022.08.12"]
[EventType "swiss"]
[EventRounds "9"]
[EventCountry "CZE"]
[SourceTitle "CBM 209 Extra"]
[Source "ChessBase"]
[SourceDate "2022.09.30"]
[SourceVersion "1"]
[SourceVersionDate "2022.09.30"]
[SourceQuality "1"]

1. d4 Nf6 2. Nf3 e6 3. c4 d5 4. Nc3 c6 5. Bg5 Nbd7 6. e3 Bd6 7. Bd3 b6 8. cxd5 cxd5 9. 0-0 h6 10. Bf4 Bxf4 11. exf4 0-0 12. f5 Re8 13. Nb5 Nf8 14. Qc2 Re7 15. Ne5 Bb7 16. Rac1 a6 17. Nc3 exf5 18. Bxf5 Ne6 19. Nf3 Qd6 20. Qd2 Ne4 21. Qe3 Rae8 22. Bxe6 Rxe6 23. Ne5 Nf6 24. Qf3 Qb4 25. Rfd1 Qxb2 26. Rb1 Qa3 27. Rb3 Qe7 28. h3 Nd7 29. Nxd5 Bxd5 30. Qxd5 Nxe5 31. dxe5 Rxe5 32. Qc6 Re6 33. Qf3 Qc7 34. g3 Re1+ 35. Rxe1 Rxe1+ 36. Kg2 Rc1 37. Qa8+ Kh7 38. Qe4+ g6 39. Rf3 Rd1 40. h4 h5 41. Qe2 Rd6 42. Kh2 Qb7 43. Rf4 Re6 44. Qd1 b5 45. Qb3 a5 46. Qc3 b4 47. Qc4 Qe7 48. Qd5 Rf6 49. Qg5 Kg7 50. Rxf6 Qxf6 51. Qxa5 Qxf2+ 52. Kh3 Qb2 53. Qd5 Qf6 54. Kg2 Kh7 55. Kg1 Qe6 56. Qd2 Qc4 57. Kg2 Qc6+ 58. Kh2 Qc3 59. Qd5 Kg7 60. Kg2 Qb2+ 61. Kg1 Qc1+ 62. Kg2 1/2-1/2

[Event "Stare Mesto op"]
[Site "Stare Mesto"]
[Date "2022.08.13"]
[Round "2"]
[White "Knotek, Josef"]
[Black "Skalka, Michal"]
[Result "1-0"]
[WhiteElo "1945"]
[BlackElo "1845"]
[PlyCount "71"]
[EventDate "2022.08.12"]
[EventType "swiss"]
[EventRounds "9"]
[EventCountry "CZE"]
[SourceTitle "CBM 209 Extra"]
[Source "ChessBase"]
[SourceDate "2022.09.30"]
[SourceVersion "1"]
[SourceVersionDate "2022.09.30"]
[SourceQuality "1"]

1. d4 d5 2. Nf3 Nf6 3. c4 Bg4 4. Ne5 e6 5. Nxg4 Nxg4 6. Bf4 Bd6 7. Bg3 Nf6 8. Nc3 c6 9. e3 0-0 10. Bd3 Re8 11. Qb3 Re7 12. c5 Bxg3 13. hxg3 Nbd7 14. g4 g6 15. g5 Ne8 16. f4 f5 17. Kf2 b6 18. cxb6 Qxb6 19. Qa3 Rg7 20. Na4 Qa5 21. b4 Qc7 22. Rac1 Qb7 23. Nc5 Nxc5 24. bxc5 Rb8 25. Rb1 Qa8 26. Ba6 Nc7 27. Bd3 Nb5 28. Bxb5 cxb5 29. Qa6 Re7 30. Qd6 Rbb7 31. c6 Rbc7 32. Rxb5 Kg7 33. Qe5+ Kf8 34. Rhb1 Qxc6 35. Rb8+ Kf7 36. Qf6# 1-0

[Event "Stare Mesto op"]
[Site "Stare Mesto"]
[Date "2019.08.24"]
[Round "8"]
[White "Hrabal, Radek"]
[Black "Knotek, Josef"]
[Result "0-1"]
[WhiteElo "1791"]
[BlackElo "1928"]
[PlyCount "42"]
[EventDate "2019.08.17"]
[EventType "swiss"]
[EventRounds "9"]
[EventCountry "CZE"]
[SourceTitle "EXT 2020"]
[Source "ChessBase"]
[SourceDate "2019.10.17"]
[SourceVersion "1"]
[SourceVersionDate "2019.10.17"]
[SourceQuality "1"]

1. Nf3 Nf6 2. g3 d5 3. Bg2 c6 4. 0-0 Bf5 5. d4 h6 6. Nbd2 Nbd7 7. c4 e6 8. b3 a5 9. a4 Bb4 10. Ba3 Bxa3 11. Rxa3 Qe7 12. Ra1 0-0 13. Re1 Rfd8 14. Qc1 Ne4 15. Qb2 Qb4 16. Rac1 c5 17. Nxe4 dxe4 18. Nd2 cxd4 19. Bxe4 Nc5 20. Bxf5 exf5 21. Red1 Nxa4 0-1

[Event "Stare Mesto op"]
[Site "Stare Mesto"]
[Date "2019.08.20"]
[Round "4"]
[White "Knotek, Josef"]
[Black "Mikes, Jan"]
[Result "1/2-1/2"]
[WhiteElo "1928"]
[BlackElo "2386"]
[PlyCount "105"]
[EventDate "2019.08.17"]
[EventType "swiss"]
[EventRounds "9"]
[EventCountry "CZE"]
[SourceTitle "EXT 2020"]
[Source "ChessBase"]
[SourceDate "2019.10.17"]
[SourceVersion "1"]
[SourceVersionDate "2019.10.17"]
[SourceQuality "1"]

1. d4 d6 2. e4 Nf6 3. Nc3 e5 4. dxe5 dxe5 5. Qxd8+ Kxd8 6. Bg5 Be6 7. Rd1+ Nbd7 8. a3 c6 9. f4 exf4 10. e5 h6 11. Bxf4 g5 12. exf6 gxf4 13. Nge2 Kc7 14. Nxf4 Re8 15. Nxe6+ Rxe6+ 16. Be2 Bc5 17. Rf1 Bd6 18. Kd2 Be5 19. Bg4 Rd6+ 20. Kc1 Nxf6 21. Rxd6 Kxd6 22. Bh3 Rf8 23. Nd1 Nd5 24. g3 b5 25. Bg2 f5 26. Bxd5 Kxd5 27. Kd2 f4 28. Kd3 c5 29. gxf4 Rxf4 30. Rxf4 Bxf4 31. Nc3+ Kc6 32. h3 Bc1 33. Nd1 Kd6 34. c4 a6 35. cxb5 axb5 36. Kc2 Bf4 37. Kd3 Be5 38. b3 Bd4 39. a4 Kc6 40. Nc3 Bxc3 41. Kxc3 Kb6 42. axb5 Kxb5 43. Kc2 Kb4 44. Kb2 c4 45. bxc4 Kxc4 46. Kc2 Kd4 47. Kd2 Ke4 48. Ke2 Kf4 49. Kf2 h5 50. Kg2 h4 51. Kf2 Ke4 52. Ke2 Kf4 53. Kf2 1/2-1/2

[Event "Stare Mesto op"]
[Site "Stare Mesto"]
[Date "2019.08.19"]
[Round "3"]
[White "Mrazek, Lumir"]
[Black "Knotek, Josef"]
[Result "1-0"]
[WhiteElo "2328"]
[BlackElo "1928"]
[PlyCount "61"]
[EventDate "2019.08.17"]
[EventType "swiss"]
[EventRounds "9"]
[EventCountry "CZE"]
[SourceTitle "EXT 2020"]
[Source "ChessBase"]
[SourceDate "2019.10.17"]
[SourceVersion "1"]
[SourceVersionDate "2019.10.17"]
[SourceQuality "1"]

1. e4 c5 2. d4 cxd4 3. c3 d3 4. Bxd3 d6 5. Ne2 Nf6 6. 0-0 g6 7. h3 Bg7 8. Be3 0-0 9. Nd2 Nc6 10. f4 Bd7 11. g4 Bxg4 12. hxg4 Nxg4 13. Bf2 e6 14. Kg2 h5 15. Ng3 Bh6 16. Bg1 e5 17. f5 Be3 18. Be2 Qg5 19. Bxg4 Bxd2 20. Bxh5 gxh5 21. Qxh5 f6 22. Rad1 Rad8 23. Rf3 Bf4 24. Rfd3 Qxh5 25. Nxh5 Kf7 26. Rxd6 Rg8+ 27. Kf1 Bg5 28. Rxd8 Nxd8 29. Rd7+ Ke8 30. Rc7 Rh8 31. Bc5 1-0

[Event "CZE-chT2E 1819"]
[Site "Czech Republic"]
[Date "2018.12.16"]
[Round "5.3"]
[White "Knotek, Josef"]
[Black "Gasa, Andrej"]
[Result "1/2-1/2"]
[WhiteElo "1938"]
[BlackElo "2282"]
[PlyCount "79"]
[EventDate "2018.10.14"]
[EventType "team-tourn"]
[EventRounds "11"]
[EventCountry "CZE"]
[SourceTitle "EXT 2022"]
[Source "ChessBase"]
[SourceDate "2021.10.06"]
[SourceVersion "1"]
[SourceVersionDate "2021.10.06"]
[SourceQuality "1"]
[WhiteTeam "Kunovice"]
[BlackTeam "Prusanky Podluzan"]
[WhiteTeamCountry "CZE"]
[BlackTeamCountry "CZE"]

1. d4 Nf6 2. Nf3 d5 3. e3 c6 4. c4 Bg4 5. cxd5 Nxd5 6. Nc3 e6 7. Qb3 Qb6 8. Qxb6 axb6 9. Nxd5 exd5 10. Ne5 Be6 11. Bd3 f6 12. Nf3 Nd7 13. Bd2 b5 14. 0-0 Bd6 15. Ne1 0-0 16. Nc2 Rfe8 17. Bb4 Bc7 18. Rfc1 Nb6 19. b3 Nd7 20. Ne1 Bb6 21. Bf1 Ra7 22. Bd3 Rea8 23. Rc2 Nb8 24. Rb2 Na6 25. Bd2 Bc7 26. a4 Nb8 27. Rba2 bxa4 28. Rxa4 Rxa4 29. Rxa4 Rxa4 30. bxa4 Nd7 31. Nc2 h6 32. Bb4 Kf7 33. a5 Bb8 34. f4 f5 35. a6 bxa6 36. Bxa6 Ba7 37. Bb7 c5 38. dxc5 Nxc5 39. Bxc5 Bxc5 40. Nd4 1/2-1/2

[Event "Stare Mesto op"]
[Site "Stare Mesto"]
[Date "2016.08.09"]
[Round "6"]
[White "Knotek, Josef"]
[Black "Mojzis, Jaroslav"]
[Result "0-1"]
[WhiteElo "1974"]
[BlackElo "2137"]
[PlyCount "120"]
[EventDate "2016.08.05"]
[EventType "swiss"]
[EventRounds "10"]
[EventCountry "CZE"]
[SourceTitle "CBM 173 Extra"]
[Source "ChessBase"]
[SourceDate "2016.08.29"]
[SourceVersion "1"]
[SourceVersionDate "2016.08.29"]
[SourceQuality "1"]

1. d4 Nf6 2. Nf3 e6 3. c4 b6 4. a3 Bb7 5. Nc3 d5 6. cxd5 exd5 7. e3 Be7 8. Bb5+ c6 9. Bd3 0-0 10. 0-0 Nbd7 11. Qc2 Bd6 12. b3 Re8 13. Bb2 c5 14. Rfe1 Ne4 15. Rad1 cxd4 16. Nb5 Bf8 17. Qc7 Nec5 18. Qxd8 Rexd8 19. Nbxd4 Nxd3 20. Rxd3 Rac8 21. Rdd1 Nc5 22. Ne5 g6 23. b4 Na4 24. Ba1 Bg7 25. Nef3 Bf8 26. Ne5 Bd6 27. Nd3 a5 28. Rc1 Ba6 29. b5 Bb7 30. Nc6 Bxc6 31. bxc6 Bxa3 32. c7 Rd7 33. Rc2 Nc5 34. Ne5 Rdxc7 35. Ra2 Bb4 36. Rb1 f6 37. Ng4 Ne4 38. h3 Rc1+ 39. Rxc1 Rxc1+ 40. Kh2 Kf7 41. f3 Bd6+ 42. g3 Nxg3 43. Kg2 Nf5 44. e4 dxe4 45. fxe4 Nh4+ 46. Kf2 f5 47. Nh6+ Ke6 48. exf5+ gxf5 49. Re2+ Kd5 50. Bf6 Bf4 51. Nf7 Ng6 52. Bd8 Bc7 53. Rd2+ Kc6 54. Bf6 b5 55. Ng5 b4 56. Nf3 Bb6+ 57. Kg3 b3 58. Bd4 a4 59. Rd3 Rc2 60. Rc3+ Rxc3 0-1

[Event "Stare Mesto op"]
[Site "Stare Mesto"]
[Date "2015.08.19"]
[Round "7"]
[White "Vrana, Frantisek"]
[Black "Knotek, Josef"]
[Result "1-0"]
[WhiteElo "2228"]
[BlackElo "1961"]
[PlyCount "79"]
[EventDate "2015.08.14"]
[EventType "swiss"]
[EventRounds "10"]
[EventCountry "CZE"]
[SourceTitle "EXT 2016"]
[Source "ChessBase"]
[SourceDate "2015.10.08"]
[SourceVersion "1"]
[SourceVersionDate "2015.10.08"]
[SourceQuality "1"]

1. e4 d5 2. exd5 Nf6 3. d4 Nxd5 4. Nf3 Bg4 5. Be2 e6 6. 0-0 Be7 7. h3 Bh5 8. Ne5 Bxe2 9. Qxe2 0-0 10. Nd2 Nf4 11. Qg4 Ng6 12. Ndf3 Nd7 13. Nxg6 hxg6 14. Bg5 Bxg5 15. Nxg5 Nf6 16. Qh4 a5 17. Rfe1 Re8 18. Rad1 Ra6 19. Re5 Rd6 20. c3 Rd5 21. Rde1 c5 22. dxc5 Rxe5 23. Rxe5 Nh5 24. Qa4 Re7 25. Nf3 Rd7 26. Nd4 Nf6 27. c6 bxc6 28. Rxa5 Kh7 29. Ra8 Qc7 30. Qxc6 Qf4 31. g3 Qc1+ 32. Kg2 Rd5 33. Qc8 g5 34. Nc6 Rd7 35. Ne5 Kh6 36. Qh8+ Nh7 37. Rg8 f6 38. Nxd7 Qc2 39. Qxg7+ Kh5 40. Nxf6+ 1-0

[Event "Stare Mesto op"]
[Site "Stare Mesto"]
[Date "2015.08.16"]
[Round "4"]
[White "Knotek, Josef"]
[Black "Volodin, Viktor Nikolaevich"]
[Result "0-1"]
[WhiteElo "1961"]
[BlackElo "2158"]
[PlyCount "85"]
[EventDate "2015.08.14"]
[EventType "swiss"]
[EventRounds "10"]
[EventCountry "CZE"]
[SourceTitle "EXT 2016"]
[Source "ChessBase"]
[SourceDate "2015.10.08"]
[SourceVersion "1"]
[SourceVersionDate "2015.10.08"]
[SourceQuality "1"]

1. d4 d5 2. Nf3 e6 3. c4 Nf6 4. Nc3 c6 5. e3 Nbd7 6. Bd3 dxc4 7. Bxc4 b5 8. Bd3 Bb7 9. a3 a6 10. Qe2 c5 11. 0-0 c4 12. Bc2 Bd6 13. e4 e5 14. Rd1 Qc7 15. h3 0-0 16. Bg5 Rfe8 17. dxe5 Bxe5 18. Nxe5 Qxe5 19. Bxf6 Nxf6 20. Re1 Rad8 21. Rad1 g6 22. Rxd8 Rxd8 23. Qe3 Nh5 24. Rd1 Rxd1+ 25. Bxd1 Nf4 26. Be2 Kg7 27. Bf1 Ne6 28. Qb6 Nc5 29. a4 Bxe4 30. axb5 axb5 31. Nxe4 Nxe4 32. Qe3 Qd5 33. f3 Qc5 34. Qxc5 Nxc5 35. Kf2 Na4 36. b3 cxb3 37. Bd3 b2 38. Ke2 Nc3+ 39. Kd2 b1Q 40. Bxb1 Nxb1+ 41. Kc2 Na3+ 42. Kb3 Nc4 43. Kb4 0-1

[Event "Stare Mesto op"]
[Site "Stare Mesto"]
[Date "2015.08.15"]
[Round "2"]
[White "Knotek, Josef"]
[Black "Zpevak, Pavel"]
[Result "0-1"]
[WhiteElo "1961"]
[BlackElo "2380"]
[PlyCount "54"]
[EventDate "2015.08.14"]
[EventType "swiss"]
[EventRounds "10"]
[EventCountry "CZE"]
[SourceTitle "EXT 2016"]
[Source "ChessBase"]
[SourceDate "2015.10.08"]
[SourceVersion "1"]
[SourceVersionDate "2015.10.08"]
[SourceQuality "1"]

1. d4 Nf6 2. Nf3 c5 3. e3 g6 4. c4 Bg7 5. Nc3 0-0 6. Be2 cxd4 7. exd4 d5 8. 0-0 Nc6 9. cxd5 Nxd5 10. Qb3 Nxc3 11. bxc3 Qc7 12. Ba3 Be6 13. Qb2 Rfd8 14. Rfd1 Bd5 15. Nd2 e5 16. Nb3 Bxb3 17. Qxb3 exd4 18. Rac1 dxc3 19. Qc4 Qa5 20. Bd6 Qg5 21. f4 Qf6 22. Bc7 Rxd1+ 23. Rxd1 Qe7 24. Bd6 Bd4+ 25. Qxd4 Nxd4 26. Bxe7 Nxe2+ 27. Kf2 c2 0-1

[Event "Stare Mesto op"]
[Site "Stare Mesto"]
[Date "2013.08.12"]
[Round "5"]
[White "Shanel, Jaroslav"]
[Black "Knotek, Josef"]
[Result "1-0"]
[WhiteElo "2158"]
[BlackElo "1943"]
[PlyCount "120"]
[EventDate "2013.08.09"]
[EventType "swiss"]
[EventRounds "10"]
[EventCountry "CZE"]
[SourceTitle "CBM 155 Extra"]
[Source "ChessBase"]
[SourceDate "2013.08.26"]
[SourceVersion "1"]
[SourceVersionDate "2013.08.26"]
[SourceQuality "1"]

1. e4 d6 2. d4 Nf6 3. Nc3 g6 4. Nf3 Bg7 5. Be2 0-0 6. 0-0 Bg4 7. h3 Bxf3 8. Bxf3 c6 9. e5 Nfd7 10. exd6 exd6 11. Bf4 Qf6 12. Ne2 Re8 13. Qd2 Na6 14. Bg5 Qe6 15. d5 cxd5 16. Bg4 f5 17. Nf4 Qf7 18. Bf3 Nc7 19. Bxd5 Nxd5 20. Nxd5 Nc5 21. Nc3 Bxc3 22. Qxc3 Rac8 23. Bf4 Ne6 24. Qg3 Nd4 25. Kh1 Ne2 26. Qg5 Nxf4 27. Qxf4 Rxc2 28. Qxd6 Rxb2 29. Rac1 Rb6 30. Qd4 Qg7 31. Qa4 Qf7 32. Rfd1 Ra6 33. Qf4 Rc6 34. Rxc6 bxc6 35. Qa4 Rc8 36. Rd6 Qb7 37. Qd1 Re8 38. Kh2 Qb5 39. Qd2 Qe5+ 40. g3 Qe2 41. Qd4 Qe5 42. Qc4+ Kg7 43. Rxc6 Re7 44. a4 Rf7 45. Re6 Qb2 46. Re2 Qf6 47. Re6 Qb2 48. Qf4 Qc3 49. h4 Rf6 50. Re3 Qc5 51. h5 gxh5 52. Re5 Qd6 53. Qg5+ Rg6 54. Qe3 Kf6 55. Rc5 h4 56. Qc3+ Kg5 57. Qc1+ Kg4 58. Rc4+ f4 59. Rxf4+ Kg5 60. Rd4+ Kf5 1-0

[Event "Stare Mesto op"]
[Site "Stare Mesto"]
[Date "2011.08.15"]
[Round "5"]
[White "Volodin, Viktor Nikolaevich"]
[Black "Knotek, Josef"]
[Result "1/2-1/2"]
[WhiteElo "2200"]
[BlackElo "1965"]
[PlyCount "64"]
[EventDate "2011.08.12"]
[EventType "swiss"]
[EventRounds "10"]
[EventCountry "CZE"]
[SourceTitle "CBM 143 Extra"]
[Source "ChessBase"]
[SourceDate "2011.08.29"]
[SourceVersion "1"]
[SourceVersionDate "2011.08.29"]
[SourceQuality "1"]

1. Nf3 d5 2. d4 Nf6 3. c4 dxc4 4. Nc3 e6 5. e4 Be7 6. Bxc4 0-0 7. 0-0 c5 8. e5 Nd5 9. Ne4 cxd4 10. Bg5 Nc6 11. Qd2 Nxe5 12. Nxe5 f6 13. Bf4 Nxf4 14. Qxf4 fxe5 15. Qxe5 Bf6 16. Nxf6+ Qxf6 17. Qxf6 gxf6 18. Rad1 Rd8 19. Rfe1 f5 20. f4 Rd6 21. Rd2 Bd7 22. Red1 Kf7 23. Rxd4 Rxd4 24. Rxd4 Ke7 25. Kf2 Rg8 26. Rd2 Bc6 27. g3 Rc8 28. Ke3 Be4 29. Rd4 a6 30. g4 h6 31. Be2 Rc2 32. Rb4 Bc6 1/2-1/2

[Event "Stare Mesto op"]
[Site "Stare Mesto"]
[Date "2011.08.13"]
[Round "3"]
[White "Jurcik, Martin"]
[Black "Knotek, Josef"]
[Result "1-0"]
[WhiteElo "2360"]
[BlackElo "1965"]
[PlyCount "107"]
[EventDate "2011.08.12"]
[EventType "swiss"]
[EventRounds "10"]
[EventCountry "CZE"]
[SourceTitle "CBM 143 Extra"]
[Source "ChessBase"]
[SourceDate "2011.08.29"]
[SourceVersion "1"]
[SourceVersionDate "2011.08.29"]
[SourceQuality "1"]

1. e4 c6 2. d4 d5 3. Nc3 dxe4 4. Nxe4 Nd7 5. Bc4 Ngf6 6. Ng5 e6 7. N1f3 Nb6 8. Bd3 h6 9. Nh3 c5 10. dxc5 Bxc5 11. Qe2 Qc7 12. Bf4 Bd6 13. Bxd6 Qxd6 14. 0-0-0 Qc7 15. Ne5 a6 16. f4 Nbd7 17. c3 b5 18. Rhe1 Nxe5 19. fxe5 Nd5 20. Qg4 Bb7 21. Kb1 0-0-0 22. Nf2 Kb8 23. g3 h5 24. Qg5 f6 25. exf6 gxf6 26. Qd2 e5 27. Qe2 h4 28. Ne4 hxg3 29. hxg3 f5 30. Ng5 e4 31. Ne6 exd3 32. Rxd3 Qd6 33. Nxd8 Rxd8 34. Qe5 Bc8 35. Rxd5 Qxe5 36. Rdxe5 Rg8 37. R1e3 Rg5 38. Re7 Bb7 39. Rh7 Be4+ 40. Kc1 Rg8 41. b3 a5 42. Re7 Rg6 43. Re5 Kb7 44. Rxb5+ Ka6 45. a4 Rh6 46. g4 Rh1+ 47. Kb2 Rb1+ 48. Ka2 Rf1 49. gxf5 Rf2+ 50. Ka3 Bxf5 51. Ree5 Bb1 52. Re6+ Ka7 53. Rxa5+ Kb7 54. Rg5 1-0

[Event "Slovacky op"]
[Site "Stare Mesto"]
[Date "2011.05.13"]
[Round "3.3"]
[White "Benes, Miroslav"]
[Black "Knotek, Josef"]
[Result "0-1"]
[WhiteElo "1957"]
[BlackElo "2015"]
[PlyCount "138"]
[EventDate "2011.04.29"]
[EventType "swiss"]
[EventRounds "8"]
[EventCountry "CZE"]
[SourceTitle "EXT 2012"]
[Source "ChessBase"]
[SourceDate "2011.11.24"]
[SourceVersion "1"]
[SourceVersionDate "2011.11.24"]
[SourceQuality "1"]

1. e4 c5 2. d4 cxd4 3. c3 d3 4. Bxd3 d6 5. c4 Nf6 6. Nf3 g6 7. Nc3 Bg7 8. 0-0 0-0 9. Bg5 Bg4 10. h3 Bxf3 11. Qxf3 Nc6 12. Qe3 Rc8 13. Rac1 Ne5 14. b3 Nxd3 15. Qxd3 Qa5 16. Bd2 a6 17. Nd5 Qd8 18. Bg5 Nxd5 19. exd5 Qd7 20. Rc2 e5 21. dxe6 fxe6 22. Rd2 Rf5 23. Be3 Rc6 24. Rfd1 b5 25. cxb5 axb5 26. g4 Rd5 27. Qe4 Rxd2 28. Rxd2 Rc1+ 29. Kh2 d5 30. Qf3 Be5+ 31. Kg2 Rc3 32. Qd1 d4 33. Bxd4 Qc6+ 34. f3 Rc1 35. Qe2 Bf4 36. Be3 Bc7 37. Bf2 Ba5 38. Rb2 Bc7 39. Qe3 Rc3 40. Qe4 Qd6 41. Kf1 Rc1+ 42. Ke2 Qd1+ 43. Ke3 Bb6+ 44. Kf4 Qd6+ 45. Qe5 g5+ 46. Ke4 Qc6+ 47. Kd3 Qxf3+ 48. Be3 Qf1+ 49. Ke4 Qh1+ 50. Kd3 Qd1+ 51. Ke4 Qh1+ 52. Kd3 Rd1+ 53. Kc2 Bxe3 54. Qxe6+ Kf8 55. Qf6+ Ke8 56. Qe6+ Kd8 57. Qxe3 Rd5 58. Kc3 Qd1 59. Qb6+ Kd7 60. Qb7+ Ke6 61. Qc8+ Rd7 62. Qc6+ Rd6 63. Qe4+ Kd7 64. Qxh7+ Kc6 65. Qe4+ Kb6 66. Qe3+ Ka6 67. Rc2 Rc6+ 68. Kb4 Qxc2 69. a4 bxa4 0-1

[Event "Slovacky op"]
[Site "Stare Mesto"]
[Date "2011.05.06"]
[Round "2.6"]
[White "Knotek, Josef"]
[Black "Buran, Jaroslav"]
[Result "1/2-1/2"]
[WhiteElo "2015"]
[BlackElo "2210"]
[PlyCount "105"]
[EventDate "2011.04.29"]
[EventType "swiss"]
[EventRounds "8"]
[EventCountry "CZE"]
[SourceTitle "EXT 2012"]
[Source "ChessBase"]
[SourceDate "2011.11.24"]
[SourceVersion "1"]
[SourceVersionDate "2011.11.24"]
[SourceQuality "1"]

1. d4 Nf6 2. Nf3 c5 3. c3 b6 4. e3 g6 5. Bd3 Bb7 6. 0-0 Bg7 7. Nbd2 0-0 8. Qe2 d5 9. Ne5 Nbd7 10. Ndf3 c4 11. Bc2 b5 12. a4 a6 13. b4 cxb3 14. Bxb3 Ne4 15. Bb2 Nd6 16. axb5 axb5 17. Rxa8 Bxa8 18. Nxd7 Qxd7 19. Ba3 Rc8 20. Bb4 Ne4 21. Ra1 Qc6 22. Qd3 Bb7 23. Ra7 Qb6 24. Ra5 Bc6 25. Ra1 Qb7 26. Nd2 Nd6 27. Qb1 Nc4 28. Nf3 Nb6 29. Bc5 Qc7 30. h3 Na4 31. Bb4 e6 32. Qd1 Bd7 33. Bxa4 bxa4 34. Ne1 Bb5 35. Nd3 Bxd3 36. Qxd3 Qc6 37. Qc2 Ra8 38. Qb2 Qb5 39. Qa3 Bf6 40. Ra2 h5 41. Qb2 Bd8 42. Qe2 Qc6 43. Bc5 Rb8 44. Qc2 Rb3 45. Rb2 Qb5 46. Bb4 Qc4 47. Ra2 Qb5 48. Ra1 Bc7 49. g3 Qc6 50. Qa2 Qa6 51. Kg2 Qd3 52. Qxa4 Qe4+ 53. Kg1 1/2-1/2

[Event "OP-2011-0-01449"]
[Site "LSS email"]
[Date "2011.03.28"]
[Round "?"]
[White "Knotek, Josef"]
[Black "Shapovalov, Dima"]
[Result "0-1"]
[WhiteElo "2015"]
[BlackElo "1457"]
[PlyCount "77"]
[EventDate "2011.03.16"]
[EventType "tourn (corr)"]
[EventRounds "4"]
[EventCountry "GER"]
[SourceTitle "Telechess CBM 147"]
[Source "ChessBase"]
[SourceDate "2012.03.16"]
[SourceVersion "1"]
[SourceVersionDate "2012.03.16"]
[SourceQuality "1"]

1. d4 d5 2. Nf3 Nf6 3. c4 c6 4. e3 e6 5. Nc3 Nbd7 6. Qc2 Bd6 7. Bd3 0-0 8. 0-0 dxc4 9. Bxc4 b5 10. Bd3 Bb7 11. a3 Qe7 12. b4 a5 13. bxa5 Rxa5 14. Ne4 Nxe4 15. Bxe4 Nf6 16. Bb2 Nxe4 17. Qxe4 c5 18. Qc2 Bxf3 19. gxf3 Qg5+ 20. Kh1 c4 21. f4 Qd5+ 22. f3 Rfa8 23. Qc3 f5 24. Kg2 R8a7 25. Kf2 Be7 26. Rg1 Ra4 27. Rgb1 Qa8 28. Bc1 Qb7 29. Bb2 Qd5 30. h3 Bh4+ 31. Ke2 Bd8 32. Qc2 Be7 33. Qc3 Bf8 34. Qc1 Be7 35. Qc3 b4 36. axb4 Bxb4 37. Rxa4 Rxa4 38. Qc2 Ra2 39. Ra1 0-1